Tendencias educativas del siglo XXI, y las paradojas de la acreditación en Panamá /
El texto aborda las transformaciones educativas en la Enseñanza Superior panameña, que en línea con las políticas neoliberales del Consenso de Washington y la globalización, han conducido en la exaltación del pensamiento único, la minimización del pensamiento alternativo, así como la mercantilizació...
Kaydedildi:
| Yazar: | |
|---|---|
| Materyal Türü: | Kitap |
| Dil: | Spanish |
| Konular: | |
| Etiketler: |
Etiketle
Etiket eklenmemiş, İlk siz ekleyin!
|
MARC
| LEADER | 00000nam a22000007a 4500 | ||
|---|---|---|---|
| 003 | cru CIDCACS/IIS | ||
| 005 | 20180820141749.0 | ||
| 007 | ta | ||
| 008 | 180125s2013 |||p|r|||| |0| 0|spa|d | ||
| 999 | |c 40888 |d 40888 | ||
| 040 | |c cru CIDCACS/IIS | ||
| 100 | 1 | |9 6491 |a García, Olmedo | |
| 245 | 1 | |a Tendencias educativas del siglo XXI, y las paradojas de la acreditación en Panamá / |c Olmedo García | |
| 300 | |a páginas 91-123 | ||
| 520 | |a El texto aborda las transformaciones educativas en la Enseñanza Superior panameña, que en línea con las políticas neoliberales del Consenso de Washington y la globalización, han conducido en la exaltación del pensamiento único, la minimización del pensamiento alternativo, así como la mercantilización de la educación en términos de eficiencia y calidad; transformando de esta manera a la Educación Superior como negocio lucrativo. A partir del análisis de coyuntura y la revisión documental, el autor aborda la problemática de la Enseñanza Superior en Panamá, y a su vez , establece como retos y desafíos para los estudios superiores los siguientes aspectos: transformación de las universidades en sí mismas; construcción de bases de aprendizaje de valor social desde una perspectiva interdisciplinaria; sostener su visión crítica hacia la sociedad y su compromiso con las personas; sustentar un sistema de evaluación de la calidad de la educación superior y de la investigación que proyecte su función social y pública hacia la sociedad panameña. Dichos retos son estipulados a partir de la necesidad de autoevaluación y mejora de las universidades propiamente. El autor concluye que el debate sobre la mercantilización de la educación es la posibilidad de ruptura de la aceptación de las reglas de mercado y con ello, dar paso al pensamiento crítico desde la Educación Superior. | ||
| 650 | 0 | |9 1831 |a ENSEÑANZA SUPERIOR | |
| 650 | 0 | |9 311 |a UNIVERSIDADES | |
| 650 | 0 | |9 7491 |a CRISIS DE LA EDUCACION | |
| 650 | 0 | |9 64 |a CAPITALISMO | |
| 650 | 0 | |9 7492 |a REFORMAS DE LA EDUCACION | |
| 650 | 0 | |9 129 |a NEOLIBERALISMO | |
| 651 | 0 | |9 353 |a PANAMA | |
| 773 | 0 | |0 40875 |9 1755 |a Programa FLACSO-Panamá |d Panamá : FLACSO |o 18843 |t Procesos Sociales: |x 22192611 | |
| 942 | |2 ddc |c PP | ||
